UCL Winners in Chronological Order - Statistics

General Stats
  • This quiz has been taken 391 times
    269 since last reset
  • The average score is 50 of 70
Answer Stats
Year Team % Correct
2025 PSG
99%
2024 Real Madrid
99%
2021 Chelsea
98%
2023 Manchester City
98%
2015 Barcelona
97%
2020 Bayern Munich
97%
2022 Real Madrid
97%
2018 Real Madrid
97%
2017 Real Madrid
97%
2016 Real Madrid
97%
2019 Liverpool
96%
2013 Bayern Munich
95%
2014 Real Madrid
95%
2008 Manchester United
94%
2011 Barcelona
93%
2009 Barcelona
93%
2012 Chelsea
93%
2010 Internazionale
93%
2007 Milan AC
91%
2005 Liverpool
90%
2004 Porto
90%
2006 Barcelona
89%
2002 Real Madrid
85%
2003 Milan AC
84%
2000 Real Madrid
84%
2001 Bayern Munich
81%
1999 Manchester United
81%
1997 Borussia Dortmund
78%
1998 Real Madrid
77%
1996 Juventus
75%
1993 Marseille
72%
1956 Real Madrid
71%
1994 Milan AC
70%
1995 Ajax
69%
1958 Real Madrid
69%
1957 Real Madrid
69%
1960 Real Madrid
68%
1959 Real Madrid
68%
1992 Barcelona
63%
1991 F. K. Red Star Belgrade
63%
1990 Milan AC
59%
1973 Ajax
58%
1972 Ajax
58%
1971 Ajax
58%
1989 Milan AC
58%
1961 S. L. Benfica
58%
1962 S. L. Benfica
57%
1967 Celtic
56%
1980 Nottingham Forest
55%
1979 Nottingham Forest
55%
1966 Real Madrid
55%
1982 Aston Villa
54%
1974 Bayern Munich
53%
1988 PSV Eindhoven
53%
1983 Hamburger S.V.
52%
1968 Manchester United
52%
1986 Steaua Bucureşti
52%
1976 Bayern Munich
51%
1975 Bayern Munich
51%
1981 Liverpool
51%
1978 Liverpool
51%
1969 Milan AC
51%
1970 Feyenoord
50%
1964 Internazionale
49%
1985 Juventus F. C.
49%
1977 Liverpool
49%
1965 Internazionale
48%
1984 Liverpool
47%
1963 Milan AC
47%
1987 Porto
46%
No matching quizzes found
Score Distribution
Percent of People with Each Score
Percentile by Number Answered
Your Score History
You have not taken this quiz since the last reset